000 00294nam a22001337a 4500
008 170925b xxu||||| |||| 00| 0 eng d
020 _a9780131185340
041 _aeng
080 _28 ED
_a37
100 _a46
101 _aEDU
245 _aEDUCATONAL RESEARCH
_cGAY/L/R
942 _2udc
_cBK
999 _c29503
_d29503